20 Most Common Bird Species in the UK - Statistics

General Stats
  • This quiz has been taken 47 times
  • The average score is 8 of 20
Answer Stats
Ranking Answer % Correct
2 Robin
89%
4 Pigeon
86%
18 Crow
81%
3 Sparrow
81%
5 Blackbird
67%
7 Blue Tit
67%
11 Great Tit
53%
12 Starling
53%
6 Chaffinch
42%
1 Wren
39%
15 Jackdaw
36%
14 Rook
22%
13 Greenfinch
19%
8 Dunnock
17%
17 Song Thrush
17%
20 Tawny Owl
14%
16 Chiffchaff
11%
10 Willow Warbler
8%
19 Goldcrest
6%
9 Meadow Pipit
6%
No matching quizzes found
Score Distribution
Percent of People with Each Score
Percentile by Number Answered
Your Score History
You have not taken this quiz